Word Ladder: Headline News Quiz Stats

 Plays Quiz Updated Jan 24, 2016

Challenge
Share
Tweet
Embed
Score 0/36 Timer 04:00
1 Play Today
Hint 4-Letter Word % Correct
Carnivore foodMEAT
97.7%
Disney's first nameWALT
97.4%
Hammer, wrench, or saw, e. g. TOOL
96.8%
Watery castle defenseMOAT
96.2%
DesireWANT
96.2%
● GREATEST CRASH IN ____ STREET'S HISTORY ●
Daily Mail, Oct 25th 1929
● WALL ●
95.9%
● NIXON SAYS HE ____ RESIGN ●
Washington Post, Aug 7th 1974
● WON'T ●
95.3%
Spread this to start a lawnSEED
94.7%
Homeowner's documentDEED
94.4%
Traditionally, children should be this, not heardSEEN
94.3%
You can ____ a horse to water...LEAD
94.1%
● DIANA ____
Daily News, Aug 31st 1997
● DEAD ●
94%
Baking applianceOVEN
93.7%
____ House cookiesTOLL
93.5%
Not oddEVEN
93.3%
AchievementFEAT
93.1%
● WAR ____; JAPAN SURRENDERS ●
Herald American, Aug 15th 1945
● OVER ●
93%
Kind of tale that's hard to believeTALL
92.8%
Hint 4-Letter Word % Correct
'98 Drew Barrymore film: ____ AfterEVER
92.6%
WorryFRET
91.9%
● MANDELA GOES ____ TODAY ●
City Press, Feb 11th 1990
● FREE ●
91.8%
Units equal to 0.3024mFEET
91.7%
Sign of things to comeOMEN
91.5%
Animated character, for shortTOON
91%
IrrelevantMOOT
89.5%
Reindeer of Disney's KristoffSVEN
89.3%
Nation containing Tehran and KarajIRAN
89.2%
Heavy burdenLOAD
88.3%
● U.S. ATTACKS ____
Los Angeles Times, Mar 20th 2003
● IRAQ ●
88.2%
Style of typefaceFONT
88%
● ON THE ____ AFTER PERFECT TOUCHDOWN ●
The Guardian, Jul 21st 1969
● MOON ●
86.7%
Yemen neighborOMAN
86.4%
Defensive structureFORT
85.4%
Salisbury, Grantham, or Voldemort, e. g.LORD
84.1%
Coastal Algerian cityORAN
80.4%
● ____ TO CITY: DROP DEAD ●
New York Daily News, Oct 30th 1975
● FORD ●
79%

Today's Daily Dose

You're not logged in!

Compare scores with friends on all Sporcle quizzes.
Join for Free
OR
Log In

You Might Also Like...

Show Comments

Extras

Top Quizzes Today


Score Distribution

Your Account Isn't Verified!

In order to create a playlist on Sporcle, you need to verify the email address you used during registration. Go to your Sporcle Settings to finish the process.

Report this User

Report this user for behavior that violates our Community Guidelines.

Details: